• 首页
  • 本馆介绍
  • 公告通知
  • 最新文献
  • 馆藏检索
  • 电子资源
  • 读者导购
  • 参考咨询
  • 我的图书馆
  • 登录
  • 详细信息显示
  • 放入我的书架
  • 预约/预借图书
  • 作者相关作品
  • 分类相关作品
  • 丛书相关作品
  • 出版社相关作品

书目信息

  • 表格格式
  • 工作单格式
  • 卡片格式
书名: Handbook of simplified solid state circuit design
作者: John D. Lenk.
分册号:
分册名:
出版地: Englewood Cliffs, N.J. :
 
出版社: Prentice-Hall
出版时间: c1978.
页数: xiii, 429 p. :
开本: 24 cm.
丛书名:
中图分类号:
科图分类号:
其他分类号: TN43-62:H31
主题词:
电子资源:
000 00715nam 22000241i 450 9
001 0298402941
005 20070209143817.12
008 770512m1978 u y a 001 0
020    @a0133817156.
041    @aeng
050    @aTK7871.9@b.L364 1978
082 04 @a621.3815/3/0422
090    @aTN43-62
090    @aTN43-62:H31
099    @dTN43-62:H31@ex21
100 1  @aLenk@cJohn D.
245 10 @aHandbook of simplified solid state circuit design / @cJohn D. Lenk.
250    @a2d ed., rev. and enl.
260 1  @aEnglewood Cliffs, N.J. :@bPrentice-Hall,@cc1978.
300    @axiii, 429 p. :@bill. ;@c24 cm.
500    @aIncludes index.
650  4 @aElectronic circuit design.
650  4 @aTransistor circuits.
    
    Handbook of simplified solid state circuit design / / John D. Lenk.-2d ed., rev. and enl.-Englewood Cliffs, N.J. : : Prentice-Hall, , c1978.
    xiii, 429 p. : : ill. ; ; 24 cm.
    Includes index.
    
    ISBN 0133817156.
    
●
相关链接 在E读中查询图书 在五车中查询图书 在当当中查询图书 在豆瓣中查询图书


正题名:Handbook of simplified solid state circuit design     索取号:TN43-62:H31/x21         预约/预借

序号 登录号 条形码 馆藏地/架位号 状态 备注
1 61704   000634825   第四借阅区/ [索取号:TN43-62:H31/x21] 在馆    
2 61705   000634816   第四借阅区/ [索取号:TN43-62:H31/x21] 在馆    
唐山师范学院图书馆 欢迎您!
大连网信软件有限公司© 版权所有